Statistics for CompTIA A+: Common Protocol Ports

Click here to take the quiz!

General Stats

  • This quiz has been taken 102 times
  • The average score is 11 of 19

Answer Stats

HintAnswer% Correct
HTTPS443
85%
FTP (Control)21
74%
HTTP80
74%
FTP (Active Mode Data)20
71%
SSH22
68%
POP3110
59%
IMAP143
56%
Telnet23
56%
SMTP25
56%
DNS53
56%
LDAP389
53%
RDP3389
50%
SMB (NetBIOS Name)137
47%
SMB (NetBIOS Session)139
47%
DHCP #167
47%
DHCP #268
47%
SMB (NetBIOS-less)445
41%
SNMP (Queries)161
35%
SNMP (Traps)162
35%

Score Distribution

Percentile by Number Answered

Percent of People with Each Score

Your Score History

You have not taken this quiz